Statistics for Top Ten Largest Food Manufacturers

Click here to take the quiz!

General Stats

  • This quiz has been taken 25 times
  • The average score is 3 of 10

Answer Stats

Brands OwnedParent Company% Correct
Fanta, SpriteCoca-Cola
91%
KitKat, Coffee mateNestle
78%
Pepsi, Mountain Dew, LaysPepsiCo
65%
Cheerios, Chex, Cocoa PuffsGeneral Mills
52%
Landshire, Jimmy DeanTyson Foods
9%
Hellmann's, KnorrUnilever
9%
Jell-O, Lunchables, VelveetaKraft Heinz
4%
Goldfish, V8, MilanoCampbell Soup Company
0%
Swiss Miss, Log CabinConagra Brands
0%
Oreo, RitzMondelez International
0%

Score Distribution

Percentile by Number Answered

Percent of People with Each Score

Your Score History

You have not taken this quiz